000 00654cam a22002413a 4500
001 25223
003 PGUSA
005 20140828083537.0
008 080428s2008||||xxu|||||s|||||000 1 eng d
040 _aPGUSA
_beng
042 _adc
050 4 _aPL
100 1 _aShao, Binru
245 1 0 _a俗話傾談
_h[electronic resource] /
_cBinru Shao
260 _bProject Gutenberg,
_c2008
506 _aPublic domain in the USA.
516 _aElectronic text
653 _aChinese fiction -- Qing dynasty, 1644-1912
740 0 _aSu Hua Qing Tan
830 0 _aProject Gutenberg
_v25223
856 4 0 _uhttp://www.gutenberg.org/ebooks/25223
942 _cEB
999 _c254478
_d254478